000 00437nam a2200181Ia 4500
001 7362
005 20260306160449.0
008 260306t2007||||xx |||||||||||||| ||spa||
041 _aESP
082 _a338.642
_bV66
100 _aVillarán de la Puente, Fernando
_eAUT
245 0 _aEl mundo de la pequeña empresa
260 _c2007
300 _a336 páginas :
_ccm.
650 _aGEN
654 _aCAN
942 _cLIB
_dJUS
_fJUS
_2ddc
_n
999 _c7362
_d7362